Т. 2, Кн. 2; Собрание сочинений; Что есть право голоса?; Необходимо ограничить публичную дееспособность; Какие же выборы нужны России?; Что дает и что отнимает политическая партийность?; Русскому народу необходимо духовное обновление; Отповедь расчленителям; На что же рассчитывают Советы?; Нас учит жизнь; О возрождении России; Церковь и жизнь; Надо готовить грядущую Россию; Зависть как источник бедствий; Кое-что об Основных Законах будущей России; О правах и обязанностях российских граждан; Почему сокрушился в России монархический строй?; О предметности и продажности; О русском правописании; О наших орфографических ранах; Борьба за колонии; Вражда между Советией и Израилем; Кризис современного социализма; Как же это случилось?; О политическом успехе (Забытые аксиомы); Светлой памяти П. Н. Врангеля; Надежды на иностранцев; О воспитании в грядущей России; Кризис демократии обостряется; Что за люди коммунисты?; Германия возрождается; Почему сокрушился в России монархический строй?; Политическое наследие революции; Ненавистники России; Положение дел в Израиле; Чему нас учит современный опыт сионизма; О Государе; О моральном обновлении человечества; Что такое конспирация?; Когда же возродится великая русская поэзия?; О "мирном рядомжительстве"; О чувстве ответственности; Долой политическое доктринерство!

Bibliographic Details
Parent link:Собрание сочинений: В 10 т./ И. А. Ильин. Т. 2, Кн. 2.— , 1993-
Language:Russian
Published: 1993
TOC:Что есть право голоса?;
Необходимо ограничить публичную дееспособность;
Какие же выборы нужны России?;
Что дает и что отнимает политическая партийность?;
Русскому народу необходимо духовное обновление;
Отповедь расчленителям;
На что же рассчитывают Советы?;
Нас учит жизнь;
О возрождении России;
Церковь и жизнь;
Надо готовить грядущую Россию;
Зависть как источник бедствий;
Кое-что об Основных Законах будущей России;
О правах и обязанностях российских граждан;
Почему сокрушился в России монархический строй?;
О предметности и продажности;
О русском правописании;
О наших орфографических ранах;
Борьба за колонии;
Вражда между Советией и Израилем;
Кризис современного социализма;
Как же это случилось?;
О политическом успехе (Забытые аксиомы);
Светлой памяти П. Н. Врангеля;
Надежды на иностранцев;
О воспитании в грядущей России;
Кризис демократии обостряется;
Что за люди коммунисты?;
Германия возрождается;
Почему сокрушился в России монархический строй?;
Политическое наследие революции;
Ненавистники России;
Положение дел в Израиле;
Чему нас учит современный опыт сионизма;
О Государе;
О моральном обновлении человечества;
Что такое конспирация?;
Когда же возродится великая русская поэзия?;
О "мирном рядомжительстве";
О чувстве ответственности;
Долой политическое доктринерство!;
Subjects:
Format: Book
KOHA link:https://koha.lib.tpu.ru/cgi-bin/koha/opac-detail.pl?biblionumber=19638

MARC

LEADER 00000n m2a2200000 4500
001 19638
005 20231101205307.0
010 |a 5268013963 
035 |a (RuTPU)RU\TPU\book\19805 
035 |a BOOK00004494 
090 |a 19638 
100 |a 20011209d1993 k y0rusy50 ca 
101 0 |a rus 
102 |a RU 
105 |a y z 001zy 
200 0 |a Т. 2, Кн. 2 
210 |d 1993 
215 |a 480 с. 
461 1 |0 (RuTPU)RU\TPU\book\66715  |t Собрание сочинений  |o В 10 т.  |f И. А. Ильин  |v Т. 2, Кн. 2  |d 1993- 
464 |t Что есть право голоса? 
464 |t Необходимо ограничить публичную дееспособность 
464 |t Какие же выборы нужны России? 
464 |t Что дает и что отнимает политическая партийность? 
464 |t Русскому народу необходимо духовное обновление 
464 |t Отповедь расчленителям 
464 |t На что же рассчитывают Советы? 
464 |t Нас учит жизнь 
464 |t О возрождении России 
464 |t Церковь и жизнь 
464 |t Надо готовить грядущую Россию 
464 |t Зависть как источник бедствий 
464 |t Кое-что об Основных Законах будущей России 
464 |t О правах и обязанностях российских граждан 
464 |t Почему сокрушился в России монархический строй? 
464 |t О предметности и продажности 
464 |t О русском правописании 
464 |t О наших орфографических ранах 
464 |t Борьба за колонии 
464 |t Вражда между Советией и Израилем 
464 |t Кризис современного социализма 
464 |t Как же это случилось?  |o заключительное слово о русском национальном правописании 
464 |t О политическом успехе (Забытые аксиомы) 
464 |t Светлой памяти П. Н. Врангеля 
464 |t Надежды на иностранцев 
464 |t О воспитании в грядущей России 
464 |t Кризис демократии обостряется 
464 |t Что за люди коммунисты? 
464 |t Германия возрождается 
464 |t Почему сокрушился в России монархический строй? 
464 |t Политическое наследие революции 
464 |t Ненавистники России 
464 |t Положение дел в Израиле 
464 |t Чему нас учит современный опыт сионизма 
464 |t О Государе 
464 |t О моральном обновлении человечества 
464 |t Что такое конспирация? 
464 |t Когда же возродится великая русская поэзия? 
464 |t О "мирном рядомжительстве" 
464 |t О чувстве ответственности 
464 |t Долой политическое доктринерство! 
606 1 |a Русская философия  |x история  |z 20 в.  |2 stltpush  |3 (RuTPU)RU\TPU\subj\67507  |9 83282 
610 1 |a философия 
610 1 |a религиозная философия 
610 1 |a 20 век 
610 1 |a русская идея 
686 |a Ю3(2)6  |v LBC/SL-A  |2 rubbk 
801 0 |a RU  |b 63413507  |c 20011209  |g PSBO 
801 2 |a RU  |b 63413507  |c 20141007  |g PSBO 
942 |c BK